| 000 | 00634nam a2200217 4500 | ||
|---|---|---|---|
| 003 | OSt | ||
| 005 | 20240718082713.0 | ||
| 006 | a | ||
| 008 | 240718b |||||||| |||| 00| 0 eng d | ||
| 020 | _a073562075 | ||
| 040 |
_aDWCL-Main lib. _cOC |
||
| 082 | _aCirc. 004.68 M619 2005 | ||
| 245 | _aMicrosoft windows sharepoint services step by step / | ||
| 260 |
_aRedmond, _bWashington: Microsoft Press, _cc2005. |
||
| 300 |
_axliii, _b273 p. : ill. ; _c24 cm. |
||
| 504 | _aIncludes index. | ||
| 650 | _a1. Intranets (Computer networks). | ||
| 650 | _a2. Web servers. | ||
| 700 | _aOlga Londer | ||
| 942 |
_2ddc _n0 _cBK-CIRC _kCirc. |
||
| 999 |
_c2397 _d2397 |
||